Liquid pipeline hydraulics

Guardat en:
Dades bibliogràfiques
Autor principal: Menon, E. Shashi
Format: Llibre
Idioma:Undetermined
Publicat: New York Marcel Dekker, Inc. 2004
Matèries:
Etiquetes: Afegir etiqueta
Sense etiquetes, Sigues el primer a etiquetar aquest registre!
Thư viện lưu trữ: Trung tâm Học liệu Trường Đại học Cần Thơ
LEADER 00581nam a2200205Ia 4500
001 CTU_88867
008 210402s9999 xx 000 0 und d
020 |c 2910000 
082 |a 621.8672 
082 |b M547 
100 |a Menon, E. Shashi 
245 0 |a Liquid pipeline hydraulics 
245 0 |c E. Shashi Menon 
260 |a New York 
260 |b Marcel Dekker, Inc. 
260 |c 2004 
650 |a Pipelines,Pipelines,Hydraulics,Fluid dynamics 
650 |x Hydrodynamics,Design and construction 
904 |i Truc 
980 |a Trung tâm Học liệu Trường Đại học Cần Thơ